000 01359nam a2200325Ia 4500
001 ebr10039007
003 CaPaEBR
006 m u
007 cr cn|||||||||
008 010516s2002 enka sb 001 0 eng d
010 _z 2001034496
020 _z0333738500
040 _aCaPaEBR
_cCaPaEBR
035 _a(OCoLC)53471936
050 1 4 _aDS119.76
_b.S82 2002eb
082 0 4 _a956.05
_221
245 0 0 _aStructural flaws in the Middle East peace process
_h[electronic resource] :
_bhistorical contexts /
_cedited by J.W. Wright.
260 _aHoundmills, Basingstoke, Hampshire ;
_aNew York :
_bPalgrave,
_c2002.
300 _axx, 227 p. :
_bill.
490 1 _aInternational political economy series
504 _aIncludes bibliographical references and index.
533 _aElectronic reproduction.
_bPalo Alto, Calif. :
_cebrary,
_d2009.
_nAvailable via World Wide Web.
_nAccess may be limited to ebrary affiliated libraries.
650 0 _aArab-Israeli conflict
_y1993-
_xPeace.
650 0 _aArab-Israeli conflict
_y1993-
_xEconomic aspects.
655 7 _aElectronic books.
_2local
700 1 _aWright, J. W.
_q(Jerry W.)
710 2 _aebrary, Inc.
830 0 _aInternational political economy series.
856 4 0 _uhttp://site.ebrary.com/lib/rucke/Doc?id=10039007
_zAn electronic book accessible through the World Wide Web; click to view
999 _c165892
_d165892